000
00211 a2200097 4500
001
8262
090
_c
6645
_d
6645
100
_a
Tolstoy, F
245
_a
Kieutzue Sonate The Devil (Transfered to SOA)
260
_b
Tolstoy, F
942
_a
NUST-CAE
999
_c
243335
_d
243335